Management information system (Record no. 18347)

MARC details
000 -LEADER
fixed length control field 00715nam a2200241Ia 4500
008 - FIXED-LENGTH DATA ELEMENTS--GENERAL INFORMATION
fixed length control field 220501s2013 xx 000 0 eng d
020 ## - INTERNATIONAL STANDARD BOOK NUMBER
International Standard Book Number 9781259026713
082 ## - DEWEY DECIMAL CLASSIFICATION NUMBER
Classification number 658.4032 OBR-M
100 ## - MAIN ENTRY--PERSONAL NAME
Personal name O'Brien, James A
245 #0 - TITLE STATEMENT
Title Management information system
Statement of responsibility, etc James A O'Brien, Geoprge M Marakas and Ramesh Behl
250 ## - EDITION STATEMENT
Edition statement 10th
260 ## - PUBLICATION, DISTRIBUTION, ETC. (IMPRINT)
Place of publication, distribution, etc Chennai
Name of publisher, distributor, etc McGraw Hill
Date of publication, distribution, etc 2013
300 ## - PHYSICAL DESCRIPTION
Extent / Pages xli, 954p.
650 ## - SUBJECT ADDED ENTRY--TOPICAL TERM
Topical term or geographic name as entry element Analytics
650 ## - SUBJECT ADDED ENTRY--TOPICAL TERM
Topical term or geographic name as entry element Business - Data processing
650 ## - SUBJECT ADDED ENTRY--TOPICAL TERM
Topical term or geographic name as entry element Computer networks
650 ## - SUBJECT ADDED ENTRY--TOPICAL TERM
Topical term or geographic name as entry element Electronic commerce
650 ## - SUBJECT ADDED ENTRY--TOPICAL TERM
Topical term or geographic name as entry element Information technology - Management
650 ## - SUBJECT ADDED ENTRY--TOPICAL TERM
Topical term or geographic name as entry element Management information systems
700 ## - ADDED ENTRY--PERSONAL NAME
Personal name Behl, Ramesh
700 ## - ADDED ENTRY--PERSONAL NAME
Personal name Marakas,George M
942 ## - ADDED ENTRY ELEMENTS (KOHA)
Source of classification or shelving scheme
Koha item type Books
Holdings
Withdrawn status Lost status Source of classification or shelving scheme Damaged status Not for loan Home library Current library Date acquired Source of acquisition Cost, normal purchase price Full call number Barcode Date last seen Copy number Bill Date Koha item type Bill Number
          SOBD Library SOBD Library 07/03/2019 Vedi Books 540.60 658.4032 OBR-M1 000243 01/07/2022 1 26/02/2019 Reference Books 1134
          SOBD Library SOBD Library 07/03/2019 Vedi Books 540.60 658.4032 OBR-M2 000244 01/07/2022 2 26/02/2019 Books 1134
Hosted, Implemented, Customized & Maintained by: BestBookBuddies

Powered by Koha